000 00693nam a2200265Ia 4500
005 20260121165852.0
008 008 260114s9999 xx 000 0 eng d
020 _a9783319405285
037 _aEBOOK
040 _aCRL
040 _beng
040 _cCRL
041 _2eng
041 _aeng
084 _qCRL
100 _aHans-Joachim Bungartz, Philipp Neumann, Wolfgang E. Nagel
_91057027
245 0 _aSoftware for Exascale Computing - SPPEXA 2013-2015
260 _bSpringer
260 _bSpringer
260 _c2016
856 _uhttps://link.springer.com/openurl?genre=book&isbn=978-3-319-40528-5
942 _cEBOOK
999 _c1622755
_d1622755